Jaké programy pro auditory?

Počítače a ich programové vybavenie ako predmet skúmania audítorov a ako nástroj revízie. História používania počítačov pri práci revízorov. Programy pre riadenie revíznej činnosti, a pre samotnú revíziu. Identifikácia a predspracovanie požadovaných dát, prenos dát, preformátovanie a logický preklad...

Ausführliche Beschreibung

Gespeichert in:
Bibliographische Detailangaben
1. Verfasser: Zelenka, I.
Format: Buchkapitel
Sprache:Tschechisch
Schlagworte:
Tags: Tag hinzufügen
Keine Tags, Fügen Sie das erste Tag hinzu!

MARC

LEADER 00000naa a2200000 4500
001 r010671
005 20220831085410.4
041 0 |a cze 
044 |a [CS] 
245 1 0 |a Jaké programy pro auditory?  |c I. Zelenka 
520 |a Počítače a ich programové vybavenie ako predmet skúmania audítorov a ako nástroj revízie. História používania počítačov pri práci revízorov. Programy pre riadenie revíznej činnosti, a pre samotnú revíziu. Identifikácia a predspracovanie požadovaných dát, prenos dát, preformátovanie a logický preklad dát. 
610 2 0 |a audítori 
610 2 0 |a audítorstvo 
610 2 0 |a revízia 
610 2 0 |a kontrola 
610 2 0 |a softvér 
610 2 0 |a využitie počítačov 
610 2 0 |a spracovanie dát 
610 2 0 |a prenos dát 
100 1 |a Zelenka, I.